• 首页
  • 本馆介绍
  • 公告通知
  • 最新文献
  • 馆藏检索
  • 电子资源
  • 读者导购
  • 参考咨询
  • 我的图书馆
  • 登录
  • 详细信息显示
  • 放入我的书架
  • 预约/预借图书
  • 作者相关作品
  • 分类相关作品
  • 丛书相关作品
  • 出版社相关作品

书目信息

  • 表格格式
  • 工作单格式
  • 卡片格式
题名:
中国金融改革报告
    
 
作者: ;中国金融四十人论坛 , 上海新金融研究院 著
分册: 2013   十年回顾与展望
出版信息: 北京   中国经济出版社  2013
页数: 226页
开本: 23cm
丛书名:
单 册:
中图分类: F832.1
科图分类:
主题词: 金融改革--研究报告--中国--2013
电子资源:
ISBN: 978-7-5136-2705-4
000 01185nam0 2200253 450
001 012015000435
005 20150914151242.67
010    @a978-7-5136-2705-4@dCNY48.00
100    @a20140226d2013 em y0chiy50 ea
101 0  @achi
102    @aCN@b110000
105    @ay z 000yy
106    @ar
200 1  @a中国金融改革报告@Azhong guo jin rong gai ge bao gao@h2013@i十年回顾与展望@f中国金融四十人论坛,上海新金融研究院著
210    @a北京@c中国经济出版社@d2013
215    @a226页@d23cm
300    @a新金融书系/李迅雷等主编
330    @a本书是中国金融四十人论坛和上海新金融研究院联合发布的第一份关于中国金融改革的年度性报告。报告共分三大部分:第一部分对过去十年的主要金融改革进行了系统性的回顾;第二部分对金融改革的效果进行了评估;第三部分对未来的改革提出了思路和建议。通过总结和评估过去的金融改革,旨在为未来金融改革的方向、方法和重点提供参考,促进中国金融业应对竞争与挑战,持续健康发展。
606 0  @a金融改革@x研究报告@y中国@z2013
690    @aF832.1@v5
711 02 @a中国金融四十人论坛@Azhong guo jin rong si shi ren lun tan@4著
711 02 @a上海新金融研究院@Ashang hai xin jin rong yan jiu yuan@4著
801  0 @aCN@b碧洲教育@c20150716
905    @a10447@f4@dF832.1@e133
    
    中国金融改革报告.2013.十年回顾与展望/中国金融四十人论坛,上海新金融研究院著.-北京:中国经济出版社,2013
    226页;23cm
    新金融书系/李迅雷等主编
    
    ISBN 978-7-5136-2705-4:CNY48.00
    本书是中国金融四十人论坛和上海新金融研究院联合发布的第一份关于中国金融改革的年度性报告。报告共分三大部分:第一部分对过去十年的主要金融改革进行了系统性的回顾;第二部分对金融改革的效果进行了评估;第三部分对未来的改革提出了思路和建议。通过总结和评估过去的金融改革,旨在为未来金融改革的方向、方法和重点提供参考,促进中国金融业应对竞争与挑战,持续健康发展。
●
相关链接 在E读中查询图书 在五车中查询图书 在当当中查询图书 在豆瓣中查询图书


正题名:中国金融改革报告     索取号:F832.1/133         预约/预借

序号 登录号 条形码 馆藏地/架位号 状态 备注
1 0849369   208493691   第一样本阅览室/ [索取号:F832.1/133] 在馆    
2 0849370   208493708   第一借阅区/ [索取号:F832.1/133] 在馆    
3 0849371   208493717   第一借阅区/ [索取号:F832.1/133] 在馆    
4 0849372   208493726   第一借阅区/ [索取号:F832.1/133] 在馆    
唐山师范学院图书馆 欢迎您!
大连网信软件有限公司© 版权所有